APEC Schools

Winning with people : conversational tagalog / (Record no. 7666)

000 -LEADER
fixed length control field nam a22 7a 4500
005 - DATE AND TIME OF LATEST TRANSACTION
control field 20190712032127.0
008 - FIXED-LENGTH DATA ELEMENTS--GENERAL INFORMATION
fixed length control field 190712b xxu||||| |||| 00| 0 eng d
020 ## - IDENTIFIER FOR THE MANIFESTATION
Identifier for the Manifestation 9789710023103
Binding paperback
040 ## - CATALOGING SOURCE
Language of Cataloging eng
Transcribing Agency APEC Schools Library
Description Conventions rda
082 ## - DEWEY DECIMAL CLASSIFICATION NUMBER
Classification number C 158.222
Author's Number M451w 2004
100 ## - CREATOR
Preferred Name of the Person Maxwell, John C.
245 ## - TITLE AND STATEMENT OF RESPONSIBILITY
Preferred Title Proper Winning with people : conversational tagalog /
Statement of Responsibility/Parallel Statement of Responsibility John C. Maxwell
264 ## - PUBLICATION STATEMENT
Place of publication, distribution, etc Makati CIty :
Publisher's Name/Parallel Publisher's Name Church Strengthening Ministry,
Copyright ©2004.
300 ## - PHYSICAL DESCRIPTION
Extent xiv, 304 pages ;
336 ## - RDA CONTENT
Source rdacontent
Content Type text
337 ## - RDA MEDIA
Source rdamedia
Media Type unmediated
338 ## - RDA CARRIER
Source rdacarrier
Carrier Type volume
650 ## - ADDED SUBJECT ACCESS POINT - TOPICAL TERM
Topical Term Interpersonal communication.
650 ## - ADDED SUBJECT ACCESS POINT - TOPICAL TERM
Topical Term Interpersonal relations.
942 ## - ADDED ENTRY ELEMENTS (KOHA)
Source of Classification
Koha Item Type Non Fiction
Holdings
Library Site Location Shelving Location Source of Acquisition Full Classification Number Accession Number Koha Item Type
APEC Las Piñas Library APEC Las Piñas Library Circulation Institutional Fund C 158.222 M451w 2004 C01-0000333 Non Fiction

Powered by Koha